Statistics for The Selfie That Broke The Internet

Click here to take the quiz!

General Stats

  • This quiz has been taken 654 times
  • The average score is 6 of 11

Answers on the Map

Answers color-coded by a green-red scale on the quiz's map according to % correct below.
 

Answer Stats

Answer% Correct
Ellen DeGeneres
97%
Brad Pitt
89%
Jennifer Lawrence
78%
Meryl Streep
76%
Angelina Jolie
63%
Bradley Cooper
61%
Kevin Spacey
61%
Julia Roberts
56%
Lupita Nyongo
30%
Channing Tatum
17%
Jared Leto
14%

Score Distribution

Percentile by Number Answered

Percent of People with Each Score

Your Score History

You have not taken this quiz